000 00413nab a2200145Ia 4500
003 ES-SlBCS
005 20210601130627.0
008 140529s1988 xxu||||| |||| 00| 0 fre d
041 _afre
100 1 _aWolff, Francis
_955544
245 0 0 _aPositions de la sophistique
_c Francis Wolff
650 0 4 _aSofística
_9175439
773 0 _tLes Etudes Philosophiques
_gnº. 2, 1988, págs. 249-252
_wRev1449
942 _cAR
999 _c549724
_d549724